<?xml version="1.0" encoding="UTF-8"?>
<collection xmlns="http://www.loc.gov/MARC21/slim">
<record>
  <controlfield tag="001">160523</controlfield>
  <controlfield tag="005">20250520135758.0</controlfield>
  <datafield tag="037" ind1=" " ind2=" ">
    <subfield code="a">GDOC-2024-68426</subfield>
  </datafield>
  <datafield tag="970" ind1=" " ind2=" ">
    <subfield code="a">GDOC-2024-68426</subfield>
  </datafield>
  <datafield tag="041" ind1=" " ind2=" ">
    <subfield code="a">spa</subfield>
  </datafield>
  <datafield tag="041" ind1=" " ind2=" ">
    <subfield code="a">eng</subfield>
  </datafield>
  <datafield tag="540" ind1=" " ind2=" ">
    <subfield code="a">by-nc-sa</subfield>
    <subfield code="b">Creative Commons</subfield>
    <subfield code="c">3.0</subfield>
    <subfield code="u">http://creativecommons.org/licenses/by-nc-sa/3.0/</subfield>
  </datafield>
  <datafield tag="260" ind1=" " ind2=" ">
    <subfield code="a">Zaragoza</subfield>
    <subfield code="b">Universidad de Zaragoza</subfield>
    <subfield code="c">2024-2025</subfield>
  </datafield>
  <datafield tag="245" ind1="0" ind2="0">
    <subfield code="9">68426</subfield>
    <subfield code="a">Investigación en especialidades médicas</subfield>
  </datafield>
  <datafield tag="242" ind1="0" ind2="0">
    <subfield code="9">68426</subfield>
    <subfield code="a">Research in medical specialties</subfield>
  </datafield>
  <datafield tag="100" ind1=" " ind2=" ">
    <subfield code="0">(orcid)0000-0002-9159-4988</subfield>
    <subfield code="a">Antonio Antón, Torres</subfield>
    <subfield code="1">390635</subfield>
  </datafield>
  <datafield tag="700" ind1=" " ind2=" ">
    <subfield code="0">(orcid)0000-0002-3132-2171</subfield>
    <subfield code="a">Jesús Diez, Manglano</subfield>
    <subfield code="1">117872</subfield>
  </datafield>
  <datafield tag="700" ind1=" " ind2=" ">
    <subfield code="0">(orcid)0000-0002-3797-4218</subfield>
    <subfield code="a">Jose Javier Garcia, Campayo</subfield>
    <subfield code="1">126032</subfield>
  </datafield>
  <datafield tag="700" ind1=" " ind2=" ">
    <subfield code="0">(orcid)0000-0003-0076-3529</subfield>
    <subfield code="a">Fernando Gomollón, García</subfield>
    <subfield code="1">362335</subfield>
  </datafield>
  <datafield tag="700" ind1=" " ind2=" ">
    <subfield code="0">(orcid)0000-0003-1420-5499</subfield>
    <subfield code="a">Pablo Javier Iñigo, Gil</subfield>
    <subfield code="1">139879</subfield>
  </datafield>
  <datafield tag="700" ind1=" " ind2=" ">
    <subfield code="0">(orcid)0000-0001-9142-0737</subfield>
    <subfield code="a">Estíbaliz Jarauta, Simón</subfield>
    <subfield code="1">331518</subfield>
  </datafield>
  <datafield tag="700" ind1=" " ind2=" ">
    <subfield code="0">(orcid)0000-0003-3963-0846</subfield>
    <subfield code="a">Martín Laclaustra, Gimeno</subfield>
    <subfield code="1">328075</subfield>
  </datafield>
  <datafield tag="700" ind1=" " ind2=" ">
    <subfield code="0">(orcid)0000-0001-5932-2889</subfield>
    <subfield code="a">Angel Lanas, Arbeloa</subfield>
    <subfield code="1">385706</subfield>
  </datafield>
  <datafield tag="700" ind1=" " ind2=" ">
    <subfield code="0">(orcid)0000-0002-5494-6550</subfield>
    <subfield code="a">María Rosa Magallón, Botaya</subfield>
    <subfield code="1">367070</subfield>
  </datafield>
  <datafield tag="700" ind1=" " ind2=" ">
    <subfield code="a">Juan Marín, Lahoz</subfield>
    <subfield code="1">513271</subfield>
  </datafield>
  <datafield tag="700" ind1=" " ind2=" ">
    <subfield code="0">(orcid)0000-0001-9096-2294</subfield>
    <subfield code="a">José María Marín, Trigo</subfield>
    <subfield code="1">388432</subfield>
  </datafield>
  <datafield tag="700" ind1=" " ind2=" ">
    <subfield code="0">(orcid)0000-0002-9600-8116</subfield>
    <subfield code="a">José Ramón Paño, Pardo</subfield>
    <subfield code="1">319143</subfield>
  </datafield>
  <datafield tag="700" ind1=" " ind2=" ">
    <subfield code="0">(orcid)0000-0002-4769-7154</subfield>
    <subfield code="a">Jorge Rubio, Gracia</subfield>
    <subfield code="1">563811</subfield>
  </datafield>
  <datafield tag="700" ind1=" " ind2=" ">
    <subfield code="0">(orcid)0000-0002-9868-6498</subfield>
    <subfield code="a">Luis Sáez, Comet</subfield>
    <subfield code="1">315341</subfield>
  </datafield>
  <datafield tag="700" ind1=" " ind2=" ">
    <subfield code="0">(orcid)0000-0002-7758-3588</subfield>
    <subfield code="a">Alejandro Sanz, París</subfield>
    <subfield code="1">121506</subfield>
  </datafield>
  <datafield tag="700" ind1=" " ind2=" ">
    <subfield code="0">(orcid)0000-0002-7119-2244</subfield>
    <subfield code="a">María Trinidad Serrano, Aulló</subfield>
    <subfield code="1">367175</subfield>
  </datafield>
  <datafield tag="830" ind1=" " ind2=" ">
    <subfield code="9">530</subfield>
  </datafield>
  <datafield tag="856" ind1="4" ind2=" ">
    <subfield code="s">7302</subfield>
    <subfield code="u">http://zaguan.unizar.es/record/160523/files/guia-68426-en.pdf</subfield>
    <subfield code="y">Guide (english)</subfield>
  </datafield>
  <datafield tag="856" ind1="4" ind2=" ">
    <subfield code="s">7336</subfield>
    <subfield code="u">http://zaguan.unizar.es/record/160523/files/guia-68426-es.pdf</subfield>
    <subfield code="y">Guía (idioma español)</subfield>
  </datafield>
  <datafield tag="521" ind1=" " ind2=" ">
    <subfield code="9">624</subfield>
    <subfield code="a">Máster Universitario en Iniciación a la Investigación en Medicina</subfield>
    <subfield code="b">Master's in Introduction to Medical Research</subfield>
  </datafield>
  <datafield tag="980" ind1=" " ind2=" ">
    <subfield code="a">GDOC</subfield>
    <subfield code="b">Health Sciences</subfield>
    <subfield code="b">Ciencias de la Salud</subfield>
    <subfield code="c">104</subfield>
  </datafield>
</record>
</collection>